| 000 | 00579nam a22001697a 4500 | ||
|---|---|---|---|
| 003 | NUST | ||
| 038 | _aNusrat Nadeem | ||
| 082 | _a200 | ||
| 100 |
_aRashid Asif _918463 |
||
| 245 |
_aEnterprise System (Es) Critical Success Factors (Csf), Across Lifecycle, In Aircraft Industry For Production Excellence/ _cAsif Rashid |
||
| 264 |
_aRawalpindi; _bEME NUST; _c2016. |
||
| 300 |
_a313,p; _bill; _c30,cm. |
||
| 650 |
_aPhD-Engineering Management _9124516 |
||
| 700 | _aSupervisor: Dr Nawar Khan | ||
| 856 | _uhttp://10.250.8.41:8080/xmlui/handle/123456789/20145 | ||
| 942 |
_2ddc _cSC |
||
| 999 |
_c610355 _d610355 |
||